Statistics for Every Super Smash Bros. Characters Origins

Click here to take the quiz!

General Stats

  • This quiz has been taken 49 times
    (27 since last reset)
  • The average score is 63 of 83

Answer Stats

CharacterGame% Correct
MarioDonkey Kong
100%
Donkey KongDonkey Kong
100%
ZeldaThe Legend of Zelda
100%
LinkThe Legend of Zelda
100%
Young LinkThe Legend of Zelda
100%
RidleyMetroid
94%
Zero Suit SamusMetroid
94%
SamusMetroid
94%
PeachSuper Mario Bros.
94%
BowserSuper Mario Bros.
94%
Piranha PlantSuper Mario Bros.
94%
NessEarthbound
89%
Ice ClimbersIce Climbers
89%
LuigiMario Bros.
89%
MewtwoPokemon Red and Blue
89%
JigglypuffPokemon Red and Blue
89%
PikachuPokemon Red and Green
89%
Pokemon TrainerPokemon Red and Green
89%
FalcoStar Fox
89%
FoxStar Fox
89%
SheikThe Legend of Zelda: Ocarina of Time
89%
GanondorfThe Legend of Zelda/ The Legend of Zelda: Ocarina of Time
89%
Diddy KongDonkey Kong Country
83%
King K. RoolDonkey Kong Country
83%
Dr. MarioDr. Mario
83%
SephirothFinal Fantasy VII
83%
CloudFinal Fantasy VII
83%
Captain FalconF-Zero
83%
PitKid Icarus
83%
PalutenaKid Icarus
83%
SnakeMetal Gear
83%
PichuPokemon Gold and Silver
83%
RyuStreet Fighter
83%
KenStreet Fighter
83%
Rosalina & LumaSuper Mario Galaxy
83%
YoshiSuper Mario World
83%
VillagerAnimal Crossing
78%
BayonettaBayonetta
78%
SimonCastlevania
78%
Duck HuntDuck Hunt
78%
SoraKingdom Hearts
78%
Mega ManMega Man
78%
LucasMother 3
78%
Pac-ManPac-Man
78%
OlimarPikmin
78%
IncineroarPokemon Sun and Moon
78%
GreninjaPokemon X and Y
78%
Little MacPunch Out!!
78%
InklingSplatoon
78%
DaisySuper Mario Land
78%
KazuyaTekken
78%
Wii Fit TrainerWii Fit
78%
Mr. Game & WatchBall
72%
HeroDragon Quest
72%
Dark SamusMetroid Prime
72%
JokerPersona 5
72%
WolfStar Fox 64
72%
ShulkXenoblade Chronicles
72%
Pyra & MythraXenoblade Chronicles 2
72%
IsabelleAnimal Crossing: New Leaf
67%
Min-MinARMS
67%
Dark PitKid Icarus: Uprising
67%
SteveMinecraft
67%
LucarioPokemon: Diamond and Pearl
67%
Bowser Jr.Super Mario Sunshine
67%
ChromFire Emblem: Awakening
61%
RobinFire Emblem: Awakening
61%
LucinaFire Emblem: Awakening
61%
CorrinFire Emblem Fates
61%
R.O.B.Gyromite
61%
Meta KnightKirby's Adventure
61%
King DededeKirby's Dream Land
61%
KirbyKirby's Dream Land
61%
WarioSuper Mario Land 2: 6 Golden Coins
61%
Banjo & KazooieDiddy Kong Racing
56%
IkeFire Emblem: Path of Radiance
56%
RoySuper Smash Bros. Melee
56%
TerryFatal Fury: King of Fighters
50%
Toon LinkThe Legend of Zelda: Four Swords
50%
MarthFire Emblem: Shadow Dragon and the Blade of Light
44%
SonicRad Mobile
39%
RichterCastlevania: Dracula X/ Rondo of Blood
33%
BylethFire Emblem Heroes
22%

Score Distribution

Percentile by Number Answered

Percent of People with Each Score

Your Score History

You have not taken this quiz since the last reset